000 00837nac a22002777a 4500
001 BR0500283
003 BR-BrBNA
005 20240105123110.0
008 230509b bl.|||m| |||| 00| 0 por d
040 _aBR-BrBNA
_bpor
_cBiblioteca Nacional de Agricultura
072 _aE16; E70
090 _a5213 BR0500283
100 1 _aAnon.
110 1 _aConfederação da Agricultura e Pecuária do Brasil, Brasília, DF (Brasil)
_92548
245 1 _aIndicadores pecuários: outubro de 2004
260 3 _aBrasília, DF (Brasil):
_c2004.
300 _a4 p.
490 _aIndicadores Pecuários (Brazil)
_vv. 3(12)
_x
650 _aGADO DE CORTE
650 _aCUSTO DE PRODUÇÃO
650 _aPREÇO
650 _aINSUMO
650 _aDADOS ESTATÍSTICOS
909 _a202312
_bLúcia Elande
_c55
_dLúcia Elande
942 _2AGRIS
_n0
_cMS
999 _c293986
_d293986